Datum a čas kvízu
18
Celkem bodů
Celkový počet nahraných bodů na tomto kvízu bez doplňovacích otázek.
9.
Pořadí na kvízu
Konečné umístění týmu na tomto kvízu.
Zaznamenané odpovědi
| # | Otázka | Odpověď | Body | Výsledky |
|---|---|---|---|---|
| 1. | Už Vám někdy hořela koudel u z... | Šumperk | 0 | |
| 2. | Mezinárodní skupina vědců přiš... | Skrillex | 1 | |
| 3. | Jak se jmenuje černá komedie r... | Teroristka | 1 | |
| 4. | Švédský nábytkářský řetězec IK... | začne nabízet pronájem nábytku | 1 | |
| 5. | Minulý čtvrtek začalo ve finsk... | v ledním hokeji (žen) | 1 | |
| 6. | V tomto tématu ověříme vaše zn... | pouze jelení zvěř | 0 | |
| 7. | Kterým slovem začínajícím na p... | kozlice | 0 | |
| 8. | Která zvířata je možno spatřit... | bílí jeleni | 1 | |
| 9. | Kolikaterák je tento jelen? | desaterák (nerovný) | 0 | |
| 10. | Co v myslivecké mluvě znamená... | kančí kly | 1 |